| 000 | 00580nam a2200193 u 4500 | ||
|---|---|---|---|
| 005 | 20210223131320.0 | ||
| 008 | 100621s2008 ag r 000 0 spa d | ||
| 020 | _a9789875040182 | ||
| 035 | _aUPN01000176728 | ||
| 049 | _aCG | ||
| 050 | 4 |
_aPQ7798.416 A4.3 _bD3.3 |
|
| 100 | 1 |
_aFalconi, María Inés, _d1954- _931550 |
|
| 245 | 1 | 0 |
_aDe cómo Romeo se transó a Julieta / _cMaría Inés Falconi ; il. Gerardo Baró. |
| 260 |
_aBuenos Aires : _bQuipu, _c2008. |
||
| 300 |
_a127 p. : _bil. |
||
| 440 | 0 | _aTeatro sin telones | |
| 650 | 4 |
_aTEATRO ARGENTINO _912824 |
|
| 905 | _aLibro | ||
| 999 |
_c148831 _d148831 |
||